| 000 | 00956nas a2200325 4500 | ||
|---|---|---|---|
| 001 | BR2010000402 | ||
| 003 | BR-BrBNA | ||
| 005 | 20231205113834.0 | ||
| 007 | ta | ||
| 008 | 230509b bl.|||p| |||| 00| 00por d | ||
| 040 |
_aBR-BrBNA _bpor _cBiblioteca Nacional de Agricultura |
||
| 041 | _a(Pt) | ||
| 072 | _aL73 | ||
| 100 | 1 | _aOliveira, E.C. | |
| 100 | 1 | _aSonne, L. | |
| 100 | 1 | _aBezerra Júnior, P.S. | |
| 100 | 1 | _aTeixeira, E.M. | |
| 100 | 1 | _aDezengrini, R. | |
| 100 | 1 | _aPavanini, S.P. | |
| 100 | 1 | _aFlores, E.F. | |
| 100 | 1 | _aDriemeir, D. | |
| 245 | 1 | _aAchados clínicos e patológicos em cães infectados naturalmente por herpesvírus canino | |
| 650 | _aCÃO | ||
| 650 | _aHERPESVIRUS | ||
| 650 | _aINFECÇÃO | ||
| 650 | _aHEMORRAGIA | ||
| 773 | 0 |
_tPesquisa Veterinária Brasileira (Brazil) _xISSN 0100-736X _g(Aug 2009), v. 29(8) p. 637-642 _wBR2010000402 |
|
| 909 |
_a202311 _bLúcia _c55 _dLúcia Elande |
||
| 942 |
_2AGRIS _n0 _cANA |
||
| 999 |
_c205894 _d205894 |
||